| 000 | 01002cam a2200277 i 4500 | ||
|---|---|---|---|
| 999 |
_c1837 _d1837 |
||
| 020 | _a9780415587365 (hbk.) | ||
| 020 | _a0415587360 (hbk.) | ||
| 020 | _a9780415587372 (pbk.) | ||
| 020 | _a0415587379 (pbk.) | ||
| 050 | 0 | 0 |
_aTS155 _b.S838 2013 |
| 100 | 1 | _aBrown, Steve, | |
| 245 | 1 | 0 |
_aStrategic operations management / _cSteve Brown, John Bessant, Richard Lamming. |
| 250 | _aThird edition. | ||
| 260 |
_aMilton Park _bRoutledge _c2003 |
||
| 300 |
_axiv, 497 pages : _bcolor illustrations ; _c25 cm |
||
| 500 | _aIncludes index | ||
| 505 | _aPart one: setting the scene Part 2: The big picture of strategic operations Part 3: Managing strategic operations Part 4: The future | ||
| 650 | 0 | _aProduction management. | |
| 650 | 0 | _aStrategic planning. | |
| 650 | 7 | _aBUSINESS & ECONOMICS / General. | |
| 650 | 7 | _aBUSINESS & ECONOMICS / Operations Research. | |
| 650 | 7 | _aBUSINESS & ECONOMICS / Strategic Planning. | |
| 700 | 1 | _aBessant, J. R. | |
| 700 | 1 | _aLamming, Richard. | |
| 942 | _cBK | ||